Responses for show #4568 - Wednesday, June 16, 2004

Ken Jennings game 11.

Contestants

[<< previous game]

Josh Thorpe, an attorney from Atlanta, Georgia

Patricia Davis, a writer and editor from Encinitas, California

Ken Jennings, a software engineer from Salt Lake City, Utah (whose 10-day cash winnings total $341,158)

[next game >>]

Jeopardy! Round responses

AFTER THE WHITE HOUSE
WHO'S YOUR DADDY?
MIAMI NICE
FRUIT
CHARADES
"BO"-POURRI
    $200 6
Theodore Roosevelt

Josh
    $200 1
Donald Sutherland

Josh
    $200 26
Hurricanes

Ken
    $200 21
the cranberry

Ken
    $200 16
in

Ken
    $200 8
Little Bo Peep

Ken
    $400 7
(Ken: Who is Ronald Reagan?)

Gerald Ford

Ken
Triple Stumper
    $400 2
Julio Iglesias

Ken
    $400 27
The Honeymooners

Ken
    $400 22
apples

Ken
    $400 17
sounds like

Ken
    $400 12
Anne Boleyn

Ken
    $600 9
Andrew Jackson

Ken
    $600 3
Francis Ford Coppola

Patricia
    $600 28
(Ken: What is Telemundo?)

Univision

KenJosh
    $1,400 23
navel orange

Ken
    $600 18
Indiana Jones and the Temple of Doom

Ken
    $600 13
Bogota

Josh
    $800 10
(Ken: Who is Herbert Hoover?)

Harry Truman

Ken
Triple Stumper
    $800 4
Steven Tyler

Ken
    $800 29
art deco

Patricia
    $800 24
grapes

Josh
    $800 19
darkness

Ken
    $800 14
Bohemia

Ken
    $1000 11
William Howard Taft

Josh
    $1000 5
Pablo Picasso

Ken
    $1000 30
(Patricia: What is the Democratic Convention?)

the Republican National Convention

KenPatricia
    $1000 25
the pomegranate

Ken
    $1000 20
a proverb

Ken
    $1000 15
Boadicea

Patricia

Scores at the first commercial break (after clue 15):

Ken Patricia Josh
$3,000 $1,600 $2,000

Scores at the end of the Jeopardy! Round:

Ken Patricia Josh
$10,000 $1,400 $3,400

Double Jeopardy! Round responses

THE 60s
COOL PLACES TO GO
FOLK MUSIC
PETER
POLL
MARRIED
    $400 6
69

Ken
    $400 11
Antarctica

Ken
    $400 26
[NOTE: This was the 80,000th clue entered into the J! Archive, 2007-01-10.]

Michael

Ken
    $400 1
Peter Jennings

Patricia
    $400 16
(Ken: Who is Barbara Bush?)

Hillary Clinton

KenJosh
    $400 21
(Josh: Who is the lady?)

his wife

KenJosh
    $800 7
62

Ken
    $800 12
Iceland

Josh
    $800 27
Woody Guthrie

Ken
    $800 2
the Incas

Ken
    $800 17
Franklin D. Roosevelt

Ken
    $3,800 22
Brigham Young

Ken
    $1200 8
(Josh: What is '64?)

'65

Josh
Triple Stumper
    $1,200 13
Siberia

Josh
    $1200 28
Judy Collins

Ken
    $1200 3
Peter Roget

Ken
    $1200 18
AOL

Ken
    $1200 23
repent at leisure

Ken
    $1600 9
(Ken: What is 68?)
(Josh: What is 69?)

63

KenJosh
Triple Stumper
    $1600 14
Minnesota

Ken
    $1600 29
Harry Belafonte

Patricia
    $1600 4
Vitus Bering

Patricia
    $1600 19
the (national) census

Ken
    $1600 24
D.H. Lawrence

Ken
    $2000 10
a 64th note

Ken
    $2000 15
the Baltic

Josh
    $2000 30
"Baby The Rain Must Fall"

Triple Stumper
    $2000 5
Peter Paul Rubens

Ken
    $2000 20
North Korea

Josh
    $2000 25
Benedick

Ken

Scores at the end of the Double Jeopardy! Round:

Ken Patricia Josh
$32,200 $5,000 $6,600
(lock game)

[wagering suggestions for these scores]

Final Jeopardy! Round responses

FAMOUS PRODUCTS
PatriciaWhat is same as Ken's answer
$1,700
JoshWhat is windex?
$3,401
KenWhat is listerine
$2,800
Listerine

Final scores:

Ken Patricia Josh
$35,000 $3,300 $3,199
11-day champion: $376,158 2nd place: $2,000 3rd place: $1,000

Game dynamics:

Coryat scores:

Ken Patricia Josh
$28,400 $5,000 $6,600
38 R
(including 2 DDs),
5 W
6 R,
1 W
11 R
(including 1 DD),
3 W

Combined Coryat: $40,000

The J! Archive is created by fans, for fans. The Jeopardy! game show and all elements thereof, including but not limited to copyright and trademark thereto, are the property of Jeopardy Productions, Inc. and are protected under law. This website is not affiliated with, sponsored by, or operated by Jeopardy Productions, Inc. Join the discussion at JBoard.tv.